[Event "British Columbia-op"]
[Site "Richmond CAN"]
[Date "2016.02.07"]
[Round "4.1"]
[White "Kenney, Jason"]
[Black "Sohal, Tanraj"]
[Result "1-0"]
[WhiteElo "2190"]
[BlackElo "2382"]
[PlyCount "145"]
[EventDate "2016.02.06"]
[EventType "swiss"]
[EventRounds "6"]
[EventCountry "CAN"]

1. e4 c5 2. Nc3 Nc6 3. Bb5 g6 4. Bxc6 dxc6 5. d3 Bg7 6. Be3 b6 7. Qd2 e5 8. f4
Nf6 9. fxe5 Ng4 10. Bg5 Qc7 11. Nf3 Nxe5 12. O-O Be6 13. h3 h6 14. Bf4 g5 15.
Bxe5 Bxe5 16. Nxe5 Qxe5 17. b3 O-O-O 18. Qe1 h5 19. Ne2 h4 20. Qc3 Qc7 21. Qf6
Rhg8 22. Kh1 Rg6 23. Qf2 Qe5 24. Ng1 g4 25. Rae1 Rdg8 26. Re3 Qg7 27. Qxh4 gxh3
28. g3 Rxg3 29. Rxg3 Qxg3 30. Qxg3 Rxg3 31. Rf2 Kd7 32. Kh2 Re3 33. Nf3 f6 34.
Kg3 f5 35. Kf4 fxe4 36. Kxe3 exf3 37. Kxf3 Kd6 38. Kg3 a5 39. Rf4 Ke5 40. Rh4
Kd5 41. Kf3 Ke5 42. c3 Bd5+ 43. Kg3 Be6 44. Rh5+ Kd6 45. Kf4 Bc8 46. Ke4 Bg4
47. Rh4 Bc8 48. Rh6+ Be6 49. d4 cxd4 50. Kxd4 b5 51. b4 axb4 52. cxb4 Kd7 53.
a3 Kd6 54. Rg6 Kd7 55. Rh6 Kd6 56. Ke4 h2 57. Rxh2 c5 58. Rd2+ Kc6 59. Ke5 cxb4
60. axb4 Bc4 61. Rd6+ Kc7 62. Rh6 Be2 63. Kd5 Bc4+ 64. Kc5 Be2 65. Rh7+ Kc8 66.
Kb6 Bd3 67. Rc7+ Kd8 68. Rc5 Bc4 69. Rxb5 Bxb5 70. Kxb5 Kc7 71. Ka6 Kb8 72. Kb6
Ka8 73. Kc7 1-0

[Event "British Columbia-op"]
[Site "Richmond CAN"]
[Date "2016.02.07"]
[Round "4.2"]
[White "Cao, Jason"]
[Black "Fernandez, Lautaro"]
[Result "1-0"]
[WhiteElo "2386"]
[BlackElo "2099"]
[PlyCount "69"]
[EventDate "2016.02.06"]
[EventType "swiss"]
[EventRounds "6"]
[EventCountry "CAN"]

1. e4 e5 2. Nf3 Nc6 3. Bb5 a6 4. Ba4 Nf6 5. d3 b5 6. Bb3 Be7 7. O-O d6 8. a3
O-O 9. Nc3 Bg4 10. Be3 Nd4 11. Bxd4 exd4 12. Nd5 Nxd5 13. Bxd5 Rb8 14. h3 Bxf3
15. Qxf3 Qd7 16. Qh5 g6 17. Qh6 Bf6 18. Qd2 c6 19. Bb3 Bg7 20. a4 Kh8 21. axb5
axb5 22. Ra6 f5 23. Rfa1 f4 24. Ra7 Rb7 25. Ra8 g5 26. Rxf8+ Bxf8 27. Ra8 Kg7
28. Qb4 c5 29. Qa3 g4 30. hxg4 Qxg4 31. f3 Qh4 32. Qa1 Be7 33. Rg8+ Kf6 34. Rg4
Qh6 35. Qa8 1-0

[Event "British Columbia-op"]
[Site "Richmond CAN"]
[Date "2016.02.07"]
[Round "4.3"]
[White "Morozov, Grigory"]
[Black "Sadoughian-Zadeh, Farshad"]
[Result "1-0"]
[WhiteElo "2375"]
[BlackElo "1900"]
[PlyCount "135"]
[EventDate "2016.02.06"]
[EventType "swiss"]
[EventRounds "6"]
[EventCountry "CAN"]

1. d4 Nf6 2. c4 g6 3. Nc3 Bg7 4. e4 d6 5. Nf3 O-O 6. Be2 e5 7. dxe5 dxe5 8.
Qxd8 Rxd8 9. Bg5 Re8 10. O-O-O Na6 11. Nxe5 Rxe5 12. Rd8+ Re8 13. Bxf6 Rxd8 14.
Bxd8 Bh3 15. Bg5 Bxg2 16. Rg1 Bh3 17. Nd5 h6 18. Be3 c6 19. Nf4 Bd7 20. Rd1 Be8
21. c5 Nc7 22. Bc4 Kf8 23. Ne2 Ne6 24. f4 Rd8 25. Rf1 Nd4 26. f5 gxf5 27. exf5
Nxe2+ 28. Bxe2 Ke7 29. Bf4 Bf6 30. Bxh6 Rd5 31. b4 Bd7 32. Bg4 a5 33. Re1+ Kd8
34. Rd1 axb4 35. Rxd5 cxd5 36. Bd2 Bc3 37. Bf3 Bxf5 38. Bxd5 Kc7 39. Bf4+ Kc8
40. Bxf7 Bd4 41. Bd6 Kd7 42. Bf8 Kc6 43. Be8+ Kd5 44. c6 bxc6 45. Bxb4 c5 46.
Bd2 Bh3 47. Bf4 Ke4 48. Bc7 Be6 49. Bg6+ Kf3 50. a4 c4 51. a5 Bc8 52. h4 Kg4
53. h5 Kg5 54. Kc2 Ba6 55. Bb6 Be5 56. Be3+ Kf6 57. Be4 Kg7 58. h6+ Kh8 59. Bd2
Kg8 60. Bc3 Bxc3 61. Kxc3 Kh8 62. Kd4 Kg8 63. Bc2 Kh8 64. Kc5 Kg8 65. Kb6 Bc8
66. Kb5 Be6 67. a6 Kh8 68. a7 1-0

[Event "British Columbia-op"]
[Site "Richmond CAN"]
[Date "2016.02.07"]
[Round "4.4"]
[White "Doknjas, Joshua"]
[Black "Oussedik, Elias"]
[Result "0-1"]
[WhiteElo "2178"]
[BlackElo "2363"]
[PlyCount "104"]
[EventDate "2016.02.06"]
[EventType "swiss"]
[EventRounds "6"]
[EventCountry "CAN"]

1. e4 e6 2. d4 d5 3. Nc3 Nf6 4. Bg5 Be7 5. e5 Nfd7 6. Bxe7 Qxe7 7. f4 a6 8. Nf3
Nb6 9. Bd3 c5 10. dxc5 Qxc5 11. Qd2 Nc6 12. a3 Nc4 13. Bxc4 Qxc4 14. Ne2 Bd7
15. O-O O-O 16. Rfe1 f6 17. exf6 Rxf6 18. Ned4 Raf8 19. g3 h6 20. Re3 Qc5 21.
h4 Be8 22. Kg2 Bh5 23. c3 Nxd4 24. Nxd4 Qd6 25. Rae1 Re8 26. Re5 Bg6 27. f5 Bh7
28. g4 Ref8 29. Nxe6 Bxf5 30. Nxf8 Bxg4 31. R1e3 Bf3+ 32. Rxf3 Rxf3 33. Kxf3
Qxe5 34. Ng6 Qe4+ 35. Kf2 Qxg6 36. Kf1 Qf5+ 37. Kg1 Qg4+ 38. Kf1 Qf3+ 39. Kg1
Qg4+ 40. Kf1 Qe4 41. Kg1 Kh7 42. Qf2 a5 43. Kh2 a4 44. Kg1 Qg4+ 45. Kh2 b5 46.
Kh1 Qe4+ 47. Kh2 Kg6 48. Qb6+ Kh5 49. Qxb5 Qxh4+ 50. Kg2 Qe4+ 51. Kh2 g5 52.
Qf1 Qf4+ 0-1

[Event "British Columbia-op"]
[Site "Richmond CAN"]
[Date "2016.02.07"]
[Round "4.5"]
[White "Gansvind, Valeriya"]
[Black "Patterson, Roger"]
[Result "1/2-1/2"]
[WhiteElo "2289"]
[BlackElo "2160"]
[PlyCount "92"]
[EventDate "2016.02.06"]
[EventType "swiss"]
[EventRounds "6"]
[EventCountry "CAN"]

1. d4 f5 2. Bg5 g6 3. e3 Bg7 4. h4 h6 5. Bf4 Nf6 6. Bc4 d5 7. Be2 O-O 8. c4 e6
9. Nc3 c6 10. Nf3 Nbd7 11. Ne5 Kh7 12. Qc2 dxc4 13. Nxc4 Nd5 14. Bd6 Re8 15. g3
N7b6 16. Ba3 Nxc4 17. Bxc4 Nxc3 18. bxc3 e5 19. Bf7 exd4 20. Bxe8 Qxe8 21. cxd4
Bxd4 22. O-O-O Bg7 23. Bb2 Be6 24. Bxg7 Kxg7 25. Qb2+ Kg8 26. h5 Bd5 27. Rh4 g5
28. Rb4 b6 29. Qf6 Qxh5 30. Qxf5 Rf8 31. Qc2 Qf7 32. Rd2 Qf6 33. Rbd4 Re8 34.
Qa4 Re7 35. e4 b5 36. Qb4 a5 37. Qb2 Rxe4 38. Rxe4 Qxb2+ 39. Kxb2 Bxe4 40. Kc3
Bd5 41. Kd4 Kf7 42. Kc5 a4 43. a3 h5 44. Rd4 Kg6 45. Kd6 Kf5 46. Kc5 Bg2
1/2-1/2

[Event "British Columbia-op"]
[Site "Richmond CAN"]
[Date "2016.02.07"]
[Round "4.6"]
[White "Moore, Harry"]
[Black "Doknjas, John"]
[Result "1-0"]
[WhiteElo "2213"]
[BlackElo "2288"]
[PlyCount "97"]
[EventDate "2016.02.06"]
[EventType "swiss"]
[EventRounds "6"]
[EventCountry "CAN"]

1. d4 Nf6 2. c4 c5 3. d5 e6 4. Nc3 exd5 5. cxd5 d6 6. Nf3 g6 7. e4 Bg7 8. Bg5
a6 9. Nd2 h6 10. Bh4 g5 11. Bg3 b5 12. Be2 O-O 13. O-O Re8 14. a3 Bb7 15. Qb3
Qc7 16. Bxb5 axb5 17. Nxb5 Qd7 18. Nxd6 Re7 19. f3 Ba6 20. Rfe1 Nh5 21. Nf5
Nxg3 22. hxg3 Bd4+ 23. Kh2 Re8 24. Nc4 Bxc4 25. Qxc4 Bxb2 26. Rab1 Bg7 27. Rb6
Rxa3 28. Nxg7 Kxg7 29. Qxc5 Ra6 30. Reb1 Rxb6 31. Rxb6 Qd8 32. Qd4+ f6 33. Rb7+
Re7 34. Rb4 Nd7 35. f4 Qe8 36. d6 Re6 37. Rb7 Kh8 38. Rb4 Qf8 39. e5 fxe5 40.
fxe5 Qf7 41. Rb7 Qe8 42. g4 Nxe5 43. d7 Qd8 44. Ra7 Re7 45. Ra8 Qxa8 46. d8=Q+
Qxd8 47. Qxd8+ Kg7 48. Qxe7+ Nf7 49. Kg3 1-0

[Event "British Columbia-op"]
[Site "Richmond CAN"]
[Date "2016.02.07"]
[Round "4.7"]
[White "Horiachkin, Yaroslav"]
[Black "Roback, Joe"]
[Result "1-0"]
[WhiteElo "2037"]
[BlackElo "2049"]
[PlyCount "139"]
[EventDate "2016.02.06"]
[EventType "swiss"]
[EventRounds "6"]
[EventCountry "CAN"]

1. d4 Nf6 2. c4 c5 3. Nf3 e6 4. Nc3 cxd4 5. Nxd4 a6 6. Bf4 d6 7. Bg5 Nbd7 8. e4
Be7 9. Be2 O-O 10. O-O h6 11. Be3 Qc7 12. Rc1 Re8 13. Kh1 b6 14. Qd2 Bb7 15. f3
Kh7 16. Bd3 Ne5 17. b3 Nxd3 18. Qxd3 Kg8 19. Qe2 Rac8 20. Qf2 Bd8 21. Na4 Nd7
22. Qg3 Kh7 23. Rfd1 Be7 24. Ne2 Bc6 25. Nac3 Bb7 26. Rd3 Red8 27. Bd4 Ne5 28.
Rdd1 Rg8 29. Na4 Nd7 30. Qf2 Nc5 31. Nxc5 dxc5 32. Bb2 Bd6 33. Rd3 Rcd8 34.
Rcd1 Be7 35. Qe3 Bd6 36. Qf2 Be7 37. Qg3 Qxg3 38. Nxg3 Rxd3 39. Rxd3 Bc6 40.
Kg1 b5 41. Kf2 Rb8 42. Be5 bxc4 43. Bxb8 cxd3 44. Ke3 Bb5 45. a4 d2 46. Kxd2
Bd7 47. e5 c4 48. bxc4 Bxa4 49. Ne4 f5 50. exf6 gxf6 51. Bd6 Bd8 52. Nc5 Ba5+
53. Ke3 Bb4 54. Nxa4 Bxd6 55. c5 Bxh2 56. c6 Bd6 57. Nc5 Kg6 58. Nxa6 Kg5 59.
c7 Bxc7 60. Nxc7 e5 61. Ke4 Kh4 62. g4 h5 63. gxh5 Kxh5 64. Ne8 Kg6 65. Nd6 Kg5
66. Nc4 Kg6 67. Nxe5+ fxe5 68. Kxe5 Kg7 69. Ke6 Kf8 70. Kf6 1-0

[Event "British Columbia-op"]
[Site "Richmond CAN"]
[Date "2016.02.07"]
[Round "4.8"]
[White "Kagaoan, Jose"]
[Black "McLaren, Brian"]
[Result "0-1"]
[WhiteElo "2024"]
[BlackElo "2086"]
[PlyCount "108"]
[EventDate "2016.02.06"]
[EventType "swiss"]
[EventRounds "6"]
[EventCountry "CAN"]

1. d4 f5 2. Nf3 Nf6 3. e3 e6 4. Bd3 d5 5. Ne5 Bd6 6. O-O O-O 7. f4 c5 8. c3 Nc6
9. Nd2 Bd7 10. Ndf3 Be8 11. Ng5 Qe7 12. h3 h6 13. Ngf3 Bh5 14. Qe1 Bxf3 15.
Rxf3 Bxe5 16. fxe5 Ne4 17. b3 Qc7 18. a4 Qb6 19. Bxe4 dxe4 20. Rf2 cxd4 21.
exd4 Qxb3 22. Rb2 Qd5 23. Rb5 Qd7 24. Rab1 b6 25. Ba3 Rfc8 26. Qg3 Na5 27. Bc1
Kh7 28. h4 Rc4 29. h5 Qf7 30. Qh3 Rac8 31. Bd2 Rxa4 32. Rf1 Ra2 33. Be1 Rf8 34.
c4 Qd7 35. d5 Nxc4 36. Rb3 Qxd5 37. Rg3 Rf7 38. Bc3 Rc2 39. Rg6 Nxe5 40. Bxe5
Qxe5 41. Qb3 Qc5+ 42. Kh1 Qc4 43. Qxc4 Rxc4 44. Rxe6 f4 45. g4 Rb4 46. Rd1 f3
47. Kg1 a5 48. Kf2 Rb2+ 49. Kg3 Rg2+ 50. Kh3 Re2 51. Rf1 b5 52. Kg3 b4 53. Ra6
f2 54. Rxa5 e3 0-1

[Event "British Columbia-op"]
[Site "Richmond CAN"]
[Date "2016.02.07"]
[Round "4.9"]
[White "Richardson, Kai"]
[Black "Chung, Alec"]
[Result "1-0"]
[WhiteElo "2102"]
[BlackElo "1673"]
[PlyCount "103"]
[EventDate "2016.02.06"]
[EventType "swiss"]
[EventRounds "6"]
[EventCountry "CAN"]

1. d4 Nf6 2. c4 g6 3. Nc3 d5 4. cxd5 Nxd5 5. e4 Nxc3 6. bxc3 Bg7 7. Bc4 c5 8.
Nf3 O-O 9. h3 Nc6 10. e5 Qb6 11. Be3 Rd8 12. Rb1 Qc7 13. O-O Nxe5 14. Nxe5 Bxe5
15. Qf3 Bf6 16. Bd5 Qd6 17. Bxb7 Bxb7 18. Rxb7 cxd4 19. Rd1 d3 20. c4 Rdb8 21.
c5 Qa6 22. Rxb8+ Rxb8 23. Bh6 Qxa2 24. Qxd3 e6 25. c6 Qa5 26. Qc4 Rd8 27. Rxd8+
Qxd8 28. c7 Qc8 29. Qc5 a6 30. Qf8+ Qxf8 31. Bxf8 Kxf8 32. c8=Q+ Kg7 33. Qxa6
h5 34. g4 hxg4 35. hxg4 g5 36. Qb5 Kg6 37. Kg2 Bg7 38. Qc6 Ba1 39. Kf3 Bg7 40.
Qe4+ f5 41. Qxe6+ Kh7 42. gxf5 Kh8 43. Qe8+ Kh7 44. Qh5+ Kg8 45. Kg4 Kf8 46. f3
Kg8 47. Kxg5 Bf6+ 48. Kg6 Bg7 49. f6 Bh6 50. Qd5+ Kh8 51. Qd8+ Bf8 52. Qxf8#
1-0

[Event "British Columbia-op"]
[Site "Richmond CAN"]
[Date "2016.02.07"]
[Round "4.10"]
[White "Pulfer, Luke"]
[Black "Escandor, Manuel Omana"]
[Result "1-0"]
[WhiteElo "1658"]
[BlackElo "2036"]
[PlyCount "89"]
[EventDate "2016.02.06"]
[EventType "swiss"]
[EventRounds "6"]
[EventCountry "CAN"]

1. d4 d5 2. c4 e6 3. Nc3 c6 4. Nf3 Nf6 5. Bg5 Be7 6. e3 Ne4 7. Bxe7 Qxe7 8. Qc2
Nxc3 9. Qxc3 O-O 10. Bd3 Nd7 11. O-O Re8 12. Rfe1 e5 13. dxe5 dxc4 14. Bxc4
Nxe5 15. Nxe5 Qxe5 16. Qb3 Re7 17. Rad1 Be6 18. Bxe6 Qxe6 19. Qxe6 fxe6 20. Rd6
Kf7 21. Red1 Rae8 22. Kf1 Rc7 23. Ke2 Ke7 24. R1d2 c5 25. f3 b5 26. e4 Rb8 27.
Ke3 Rbb7 28. Kf4 Rd7 29. Ke5 Rxd6 30. Rxd6 Rb6 31. Rxb6 axb6 32. a3 h6 33. f4
Kd7 34. g4 Ke7 35. h4 Kd7 36. h5 Kc6 37. Kxe6 b4 38. axb4 c4 39. g5 Kb5 40.
gxh6 gxh6 41. f5 Kxb4 42. f6 Kb3 43. f7 Kxb2 44. f8=Q c3 45. Qb4+ 1-0

[Event "British Columbia-op"]
[Site "Richmond CAN"]
[Date "2016.02.08"]
[Round "5.1"]
[White "Morozov, Grigory"]
[Black "Kenney, Jason"]
[Result "1-0"]
[WhiteElo "2375"]
[BlackElo "2190"]
[PlyCount "113"]
[EventDate "2016.02.06"]
[EventType "swiss"]
[EventRounds "6"]
[EventCountry "CAN"]

1. d4 Nf6 2. c4 g6 3. Nc3 Bg7 4. e4 d6 5. Nf3 O-O 6. Be2 e5 7. dxe5 dxe5 8.
Qxd8 Rxd8 9. Bg5 Re8 10. O-O-O Na6 11. Ne1 c6 12. Nd3 Nc7 13. Be3 h5 14. f3 Nd7
15. g3 Ne6 16. Bf1 Nb6 17. b3 Nd4 18. Bg2 f6 19. Rhe1 Bf8 20. Kb2 c5 21. f4 Bd7
22. fxe5 fxe5 23. Rf1 Kg7 24. Rd2 Bd6 25. Rdf2 Rf8 26. Bg5 Rxf2+ 27. Rxf2 Re8
28. a4 a6 29. a5 Nc8 30. Nd5 Rf8 31. Bf6+ Kg8 32. b4 cxb4 33. c5 Bb8 34. N3xb4
Na7 35. Rd2 Nac6 36. Nxc6 bxc6 37. Be7 cxd5 38. Bxf8 Kxf8 39. exd5 Bc7 40. Rf2+
Bf5 41. d6 Bxa5 42. c6 Ke8 43. c7 Kd7 44. Bb7 Kxd6 45. c8=Q Bxc8 46. Bxc8 e4
47. Bxa6 Ke5 48. Rf8 Nf3 49. Re8+ Kd4 50. Bb7 Ne5 51. Kc2 e3 52. Kd1 Ng4 53.
Ke2 Nxh2 54. Rxe3 Ng4 55. Re4+ Kc5 56. Bc8 Kd5 57. Ra4 1-0

[Event "British Columbia-op"]
[Site "Richmond CAN"]
[Date "2016.02.08"]
[Round "5.2"]
[White "Sohal, Tanraj"]
[Black "Cao, Jason"]
[Result "1-0"]
[WhiteElo "2382"]
[BlackElo "2386"]
[PlyCount "61"]
[EventDate "2016.02.06"]
[EventType "swiss"]
[EventRounds "6"]
[EventCountry "CAN"]

1. d4 Nf6 2. Nf3 e6 3. e3 b6 4. Bd3 Bb7 5. O-O d5 6. Ne5 Bd6 7. f4 O-O 8. Rf3
Ne4 9. Rh3 f5 10. Nd2 Nxd2 11. Bxd2 Ba6 12. Qh5 h6 13. g4 Bxe5 14. dxe5 Bxd3
15. cxd3 Qe8 16. Qh4 Qg6 17. Rg3 fxg4 18. Rxg4 Qf5 19. Kh1 Rf7 20. Rag1 Kh8 21.
Qg3 Qh7 22. Rg6 Nd7 23. f5 Nf8 24. e4 dxe4 25. dxe4 Rd7 26. Rg4 exf5 27. exf5
Qxf5 28. Rxg7 Qe4+ 29. Rg2 Ne6 30. Rxd7 Rf8 31. h4 1-0

[Event "British Columbia-op"]
[Site "Richmond CAN"]
[Date "2016.02.08"]
[Round "5.3"]
[White "Oussedik, Elias"]
[Black "Horiachkin, Yaroslav"]
[Result "1-0"]
[WhiteElo "2363"]
[BlackElo "2037"]
[PlyCount "85"]
[EventDate "2016.02.06"]
[EventType "swiss"]
[EventRounds "6"]
[EventCountry "CAN"]

1. d4 d5 2. Nf3 Nf6 3. e3 Bg4 4. c4 Bxf3 5. Qxf3 e6 6. Nc3 c6 7. Bd3 Bb4 8. O-O
O-O 9. Bd2 Nbd7 10. a3 Ba5 11. b4 Bb6 12. c5 Bc7 13. e4 dxe4 14. Nxe4 Nxe4 15.
Qxe4 Nf6 16. Qh4 Qd5 17. Bg5 h6 18. Bxf6 gxf6 19. Qxh6 f5 20. Rad1 Qxd4 21. Ba6
Qg4 22. h3 Bf4 23. Qf6 Bg5 24. Qc3 Qh5 25. Bxb7 Rad8 26. Rxd8 Rxd8 27. Bxc6 Bd2
28. Qc2 Qg6 29. Rd1 e5 30. Rxd2 Rxd2 31. Qxd2 Qxc6 32. Qg5+ Kf8 33. Qxf5 Qa4
34. Qd3 e4 35. Qxe4 Qxa3 36. c6 Qc1+ 37. Kh2 Qc3 38. g3 Qf6 39. Kg2 Qc3 40. Qd5
Kg7 41. Qc5 Qe1 42. c7 Qe4+ 43. Kh2 1-0

[Event "British Columbia-op"]
[Site "Richmond CAN"]
[Date "2016.02.08"]
[Round "5.4"]
[White "Fernandez, Lautaro"]
[Black "Moore, Harry"]
[Result "1-0"]
[WhiteElo "2099"]
[BlackElo "2213"]
[PlyCount "47"]
[EventDate "2016.02.06"]
[EventType "swiss"]
[EventRounds "6"]
[EventCountry "CAN"]

1. e4 c5 2. Nf3 d6 3. d4 cxd4 4. Nxd4 Nf6 5. Nc3 a6 6. Bg5 e6 7. f4 Qc7 8. Qf3
Nbd7 9. O-O-O b5 10. Bd3 Bb7 11. Rhe1 O-O-O 12. Kb1 Kb8 13. Qe2 b4 14. Na4 Qa5
15. b3 Rc8 16. Bh4 Nc5 17. Nxc5 dxc5 18. Bxf6 gxf6 19. Nf3 Bh6 20. g3 c4 21.
Bxc4 Qa3 22. Qe3 f5 23. exf5 Bxf3 24. Qb6+ 1-0

[Event "British Columbia-op"]
[Site "Richmond CAN"]
[Date "2016.02.08"]
[Round "5.5"]
[White "McLaren, Brian"]
[Black "Gansvind, Valeriya"]
[Result "1/2-1/2"]
[WhiteElo "2086"]
[BlackElo "2289"]
[PlyCount "130"]
[EventDate "2016.02.06"]
[EventType "swiss"]
[EventRounds "6"]
[EventCountry "CAN"]

1. e4 g6 2. d4 d6 3. Nc3 Bg7 4. Nf3 c6 5. Be3 b5 6. Bd3 a6 7. a4 Bb7 8. Qd2 Nd7
9. O-O Qc7 10. axb5 cxb5 11. Rfe1 h6 12. h3 Rc8 13. Ne2 Ngf6 14. Ng3 Kf8 15.
Rec1 Qb8 16. c3 Kg8 17. b3 Kh7 18. Nh2 Rhd8 19. f4 Nf8 20. Qf2 Rc7 21. h4 Qc8
22. Bd2 Ng4 23. Nxg4 Qxg4 24. h5 Qh4 25. e5 dxe5 26. fxe5 e6 27. Ne4 Qxf2+ 28.
Nxf2 Kg8 29. Be3 gxh5 30. c4 Rb8 31. Ne4 Ng6 32. Nd6 Nxe5 33. dxe5 Bxe5 34.
Nxb7 Bxa1 35. Nc5 Bb2 36. Rc2 Rd8 37. Rxb2 Rxc5 38. Bxc5 Rxd3 39. cxb5 axb5 40.
b4 e5 41. Ra2 e4 42. Kf2 Kg7 43. Ra6 h4 44. Rb6 f5 45. Be3 Rb3 46. Bd4+ Kh7 47.
Rxb5 Kg6 48. Rb6+ Kg5 49. Rb5 Kg4 50. Rb6 f4 51. b5 Rd3 52. Rd6 e3+ 53. Ke1 h3
54. gxh3+ Kf3 55. b6 e2 56. Bc5 Rb3 57. Re6 Rb1+ 58. Kd2 Rd1+ 59. Kc2 e1=Q 60.
Rxe1 Rxe1 61. b7 Re8 62. Bd6 Kg3 63. b8=Q Rxb8 64. Bxb8 Kxh3 65. Bxf4 h5
1/2-1/2

[Event "British Columbia-op"]
[Site "Richmond CAN"]
[Date "2016.02.08"]
[Round "5.6"]
[White "Patterson, Roger"]
[Black "Doknjas, Joshua"]
[Result "1/2-1/2"]
[WhiteElo "2160"]
[BlackElo "2178"]
[PlyCount "43"]
[EventDate "2016.02.06"]
[EventType "swiss"]
[EventRounds "6"]
[EventCountry "CAN"]

1. c4 c5 2. Nc3 Nc6 3. g3 g6 4. Bg2 Bg7 5. Nf3 e5 6. O-O Nge7 7. Ne1 d6 8. Nc2
Be6 9. Ne3 O-O 10. d3 Qd7 11. Ned5 Bh3 12. Rb1 Bxg2 13. Kxg2 Rab8 14. a3 Nxd5
15. Nxd5 Nd4 16. b4 b6 17. e3 Ne6 18. f4 f5 19. Bb2 Nc7 20. Qf3 Kh8 21. Nxc7
Qxc7 22. Qd5 1/2-1/2

[Event "British Columbia-op"]
[Site "Richmond CAN"]
[Date "2016.02.08"]
[Round "5.8"]
[White "Pulfer, Luke"]
[Black "Richardson, Kai"]
[Result "1/2-1/2"]
[WhiteElo "2036"]
[BlackElo "2102"]
[PlyCount "84"]
[EventDate "2016.02.06"]
[EventType "swiss"]
[EventRounds "6"]
[EventCountry "CAN"]

1. d4 d5 2. c4 e6 3. Nc3 c6 4. Nf3 Be7 5. Bf4 Nf6 6. h3 Nbd7 7. e3 O-O 8. c5
Ne4 9. Qc2 f5 10. Bd3 Bf6 11. g4 Bh4 12. Nxh4 Qxh4 13. Nxe4 fxe4 14. Be2 g5 15.
Bg3 Qh6 16. b4 Qf6 17. O-O-O b5 18. a4 a6 19. h4 h6 20. hxg5 hxg5 21. Rh5 Rf7
22. Rdh1 Rg7 23. Rh6 Rg6 24. Rh7 Rg7 25. R7h6 Rg6 26. Rh7 Rg7 27. Rh8+ Kf7 28.
R1h6 Rg6 29. R6h7+ Rg7 30. Rh6 Rg6 31. Rh1 Bb7 32. Rxa8 Bxa8 33. axb5 axb5 34.
Bxb5 cxb5 35. c6 Qe7 36. cxd7 Qxd7 37. Be5 Qc6 38. Rh7+ Ke8 39. Rh8+ Kf7 40.
Rh7+ Ke8 41. Rh8+ Kf7 42. Rh7+ Ke8 1/2-1/2

[Event "British Columbia-op"]
[Site "Richmond CAN"]
[Date "2016.02.08"]
[Round "5.9"]
[White "Sadoughian-Zadeh, Farshad"]
[Black "Salcedo, Daniel"]
[Result "1-0"]
[WhiteElo "1900"]
[BlackElo "1995"]
[PlyCount "65"]
[EventDate "2016.02.06"]
[EventType "swiss"]
[EventRounds "6"]
[EventCountry "CAN"]

1. d4 Nf6 2. c4 g6 3. g3 Bg7 4. Bg2 d6 5. Nf3 O-O 6. O-O c6 7. Nc3 Qa5 8. h3
Qa6 9. b3 Nbd7 10. e4 e5 11. Be3 b5 12. cxb5 cxb5 13. a4 bxa4 14. Rxa4 Qb7 15.
dxe5 dxe5 16. Nd2 a6 17. Nc4 Rb8 18. Na5 Qc7 19. Nd5 Nxd5 20. exd5 Qc3 21. d6
Rb5 22. b4 Nf6 23. Nc6 e4 24. Ne7+ Kh8 25. Bd4 Qd3 26. Qa1 Nh5 27. Bxg7+ Nxg7
28. Rd1 Qc4 29. Bf1 Qe6 30. Nxc8 Qxc8 31. Bxb5 axb5 32. d7 Qc7 33. d8=Q 1-0

[Event "British Columbia-op"]
[Site "Richmond CAN"]
[Date "2016.02.08"]
[Round "5.10"]
[White "Roback, Joe"]
[Black "Kagaoan, Jose"]
[Result "0-1"]
[WhiteElo "2049"]
[BlackElo "2024"]
[PlyCount "76"]
[EventDate "2016.02.06"]
[EventType "swiss"]
[EventRounds "6"]
[EventCountry "CAN"]

1. e4 g5 2. Bc4 d6 3. Nc3 Nf6 4. d3 h6 5. Nge2 c5 6. Ng3 Nc6 7. Nh5 e6 8. O-O
Nxh5 9. Qxh5 Bg7 10. Ne2 d5 11. Bb5 Qb6 12. Ba4 Bd7 13. c3 O-O-O 14. Qxf7 Rhg8
15. Qf3 Rdf8 16. Qe3 Kb8 17. Bd1 Be5 18. a4 a5 19. Rb1 Bf4 20. Nxf4 gxf4 21.
Qh3 Ne5 22. b4 f3 23. g3 Nxd3 24. Be3 dxe4 25. Bc2 Qd8 26. bxa5 e5 27. Qxh6 Rf6
28. Qh7 Bc8 29. Qxe4 Qd7 30. a6 Rg4 31. Qxd3 Qf7 32. Qd8 Rxa6 33. Rxb7+ Qxb7
34. Rb1 Qxb1+ 35. Bxb1 Rgxa4 36. Bxc5 Rc6 37. Bb4 Rxb4 38. Bf5 Rd4 0-1

[Event "CAN-ch University"]
[Site "Kingston CAN"]
[Date "2016.01.09"]
[Round "1"]
[White "Dunne, Francesco"]
[Black "Trottier, Emile"]
[Result "1-0"]
[WhiteElo "2165"]
[BlackElo "2084"]
[PlyCount "87"]
[EventDate "2016.01.09"]
[EventType "team"]
[EventRounds "5"]
[EventCountry "CAN"]

1. e4 e6 2. d4 d5 3. Nd2 Nf6 4. Bd3 c5 5. c3 Nc6 6. Ngf3 cxd4 7. cxd4 Bb4 8. e5
Ne4 9. O-O Nxd2 10. Bxd2 Qb6 11. Rc1 Bd7 12. Be3 a6 13. Ng5 Be7 14. Qh5 g6 15.
Qh6 Bf8 16. Qh4 h5 17. Qf4 O-O-O 18. Nxf7 Be7 19. Nxh8 Rxh8 20. Qf7 Qd8 21.
Qxg6 h4 22. Qg4 Kb8 23. Qe2 Nb4 24. Rfd1 h3 25. g3 Qg8 26. Bf4 Rh4 27. Qe3 Nxd3
28. Rxd3 Qg6 29. Rdc3 Bb4 30. R3c2 Bb5 31. a3 Ba5 32. Rc5 Ka7 33. a4 Bc4 34. b3
Bxb3 35. Rxa5 Bc4 36. Rc5 Rh7 37. a5 Rf7 38. Bg5 Qh5 39. Bf6 Qf5 40. Rc8 b5 41.
axb6+ Kxb6 42. Qa3 Rc7 43. Qd6+ Kb5 44. Rb8+ 1-0

[Event "CAN-ch University"]
[Site "Kingston CAN"]
[Date "2016.01.09"]
[Round "1"]
[White "Gelet, Seymour"]
[Black "Voloaca, Misha"]
[Result "0-1"]
[WhiteElo "2079"]
[BlackElo "2333"]
[PlyCount "104"]
[EventDate "2016.01.09"]
[EventType "team"]
[EventRounds "5"]
[EventCountry "CAN"]

1. d4 Nf6 2. c4 e6 3. Nf3 c5 4. d5 exd5 5. cxd5 d6 6. Nc3 g6 7. e4 Bg7 8. Bd3
O-O 9. O-O Bg4 10. h3 Bxf3 11. Qxf3 a6 12. a4 Nbd7 13. Bf4 Qc7 14. Rac1 Rfe8
15. Rfe1 Ne5 16. Qd1 Nxd3 17. Qxd3 Nd7 18. Rc2 Ne5 19. Qg3 Qa5 20. Bd2 Nc4 21.
Bc1 Qb4 22. Ree2 Qb3 23. Nd1 Qxg3 24. fxg3 b5 25. axb5 axb5 26. Nc3 Bd4+ 27.
Kh2 Bxc3 28. Rxc3 f5 29. b3 Nb6 30. Bf4 Nxd5 31. Rd3 Nxf4 32. gxf4 Rad8 33. e5
dxe5 34. Rxd8 Rxd8 35. Rxe5 Rc8 36. Kg3 c4 37. bxc4 bxc4 38. Kf3 c3 39. Re1 Kf7
40. Rc1 c2 41. Ke3 Ke6 42. Kd4 Kd6 43. Ke3 Kd5 44. Kd3 h6 45. h4 Rc7 46. Ke3
Rc3+ 47. Kd2 Kd4 48. h5 gxh5 49. Ke2 h4 50. Kd2 Rd3+ 51. Ke2 Kc3 52. Ra1 Rd4
0-1

[Event "CAN-ch University"]
[Site "Kingston CAN"]
[Date "2016.01.09"]
[Round "1"]
[White "Knox, Christopher"]
[Black "Gonsalves, Ryan"]
[Result "1-0"]
[WhiteElo "2311"]
[BlackElo "1640"]
[PlyCount "73"]
[EventDate "2016.01.09"]
[EventType "team"]
[EventRounds "5"]
[EventCountry "CAN"]

1. d4 Nf6 2. c4 g6 3. Nc3 Bg7 4. e4 d6 5. Bd3 O-O 6. Nge2 e5 7. d5 h6 8. O-O a5
9. h3 Na6 10. Be3 Ne8 11. Qd2 Nc5 12. Bc2 Kh7 13. a3 f5 14. exf5 gxf5 15. f4 e4
16. b4 axb4 17. axb4 Rxa1 18. Rxa1 Na6 19. Rb1 c6 20. dxc6 bxc6 21. b5 cxb5 22.
cxb5 Nb8 23. Nd4 Qf6 24. Nd5 Qf7 25. Bb3 Be6 26. Nf6+ Qxf6 27. Nxe6 Rf7 28. Bd4
Qe7 29. Nxg7 Rxg7 30. Bxg7 Kxg7 31. Qd4+ Kg6 32. b6 Nf6 33. Rd1 Ne8 34. Ba4 Nf6
35. Qxd6 Qb7 36. Be8+ Kg7 37. Qc7+ 1-0

[Event "CAN-ch University"]
[Site "Kingston CAN"]
[Date "2016.01.09"]
[Round "1"]
[White "Lavi, Eilon"]
[Black "Gladstone, Simon"]
[Result "0-1"]
[WhiteElo "1910"]
[BlackElo "2152"]
[PlyCount "64"]
[EventDate "2016.01.09"]
[EventType "team"]
[EventRounds "5"]
[EventCountry "CAN"]

1. e4 e6 2. d4 d5 3. exd5 exd5 4. c4 c6 5. Nc3 Bb4 6. a3 Bxc3+ 7. bxc3 Bf5 8.
Qb3 Qe7+ 9. Be3 Nf6 10. cxd5 Nxd5 11. c4 Nxe3 12. Qxe3 Na6 13. Nf3 Rd8 14. Be2
Qxe3 15. fxe3 O-O 16. Kf2 Rfe8 17. Rhd1 Re7 18. Bd3 Bxd3 19. Rxd3 Nc5 20. Rdd1
Ne4+ 21. Kf1 Nd6 22. c5 Nf5 23. Rd3 Nxe3+ 24. Kf2 Rde8 25. Rb1 Nd5 26. Rdb3 f6
27. Rxb7 Re2+ 28. Kg3 h5 29. Rxa7 Ne3 30. Nh4 g5 31. Kf3 Nc4 32. Nf5 Nd2+ 0-1